Riqueza y solidaridad en la obra de Lucas (Registro nro. 42705)
[ vista simple ]
| 000 -LÍDER | |
|---|---|
| Campo fijo de descripción fija | 01853nam a22002297a 4500 |
| 001 - NÚMERO DE CONTROL | |
| Campo de control | 13761 |
| 003 - IDENTIFICADOR DEL NÚMERO DE CONTROL | |
| Campo de control | CO-MdFUSB |
| 005 - FECHA Y HORA DE LA ULTIMA TRANSACCIÓN | |
| control field | 20180622073149.0 |
| 008 - ELEMENTOS DE LONGITUD FIJA -- INFORMACIÓN GENERAL | |
| Campo fijo de descripción fija -- Información general | 171122t2005 sp ||||| |||| 00| 0 spa d |
| 020 ## - NÚMERO INTERNACIONAL NORMALIZADO PARA LIBROS | |
| Número Internacional Normalizado del libro | 84-8169-146-1 |
| 040 ## - FUENTE DE CATALOGACIÓN | |
| Agencia de catalogación original | CO-MdFUSB |
| Idioma de catalogación | spa |
| Agencia que realiza la transcripción | CO-MdFUSB |
| Agencia que realiza la modificación | CO-MdFUSBC |
| Convenciones de la descripción | rda |
| 041 0# - CÓDIGO DE IDIOMA | |
| Código de idioma para texto/pista de sonido o título separado | spa |
| 082 04 - NÚMERO DE CLASIFICACIÓN DECIMAL DEWEY | |
| Número de clasificación | G 226.4 G858r |
| 245 #0 - TÍTULO | |
| Título del Material | Riqueza y solidaridad en la obra de Lucas |
| Mención de responsabilidad, etc. | / Massimo Grilli, D. Landgrave Gándara, Córdula Langner, Editores |
| 264 #4 - PRODUCCIÓN, PUBLICACIÓN, DISTRIBUCIÓN, MANUFACTURA, Y COPYRIGHT | |
| Lugar de producción, publicación, distribución, manufactura | Estella, Navarra : |
| Nombre del productor, publicador, distribuidor | Verbo Divino, |
| Fecha de producción, publicación, distribución, manufactura, o copyright | ©2005 |
| 300 ## - DESCRIPCIÓN FÍSICA | |
| Extensión | 325 Pág. |
| 336 ## - TIPO DE CONTENIDO | |
| Fuente | rdacontent |
| Término de tipo de contenido | texto |
| Código de tipo de contenido | txt |
| 337 ## - TIPO DE MEDIO | |
| Fuente | rdamedia |
| Nombre del tipo de medio | sin mediación |
| Código del tipo de medio | n |
| 338 ## - TIPO DE SOPORTE | |
| Fuente | rdacarrier |
| Nombre del tipo de soporte | volumen |
| Código Tipo de soporte | nc |
| 505 00 - NOTA DE CONTENIDO | |
| Nota de contenido con formato preestablecido | - El relato lucano de la infancia como actualización y contextualización de la piedad prejudía de los pobres y su significado pragmático (Rainer Dillmann) - Jesús proclama el año de gracia del Señor (Córdula Langner) - Bienaventuranzas y lamentaciones: El reto de la Buena Nueva de Jesús a los pobres y a los ricos (Joseph Maleparampil) - De la pobreza de los predicadores y la riqueza de los marginados: las recomendaciones de Jesús al enviar a los discípulos (Ralf Huning) - La problemática pobre-rico en el contexto del Reino de Dios y en la relación lucana del viaje (Rainer Dillmann) - El buen uso de las riquezas (Jaime Mora Rivera) - El uso justo del dinero injusto (Massimo Grilli) - Lázaro y el rico (Gerardo Dondici) - Los pobres y el proyecto de Jesús (Daniel Landgrave) - Zaqueo, imagen de esperanza para los ricos (Córdula Langner) - La parábola de las minas en el marco de las biografías didácticas de Pedro el pobre y Pablo el rico en los Hechos de los Apóstoles (Detlev Dormeyer) - El óbolo de la viuda pobre (Córdula Langner) - La comunidad de bienes (Detlev Dormeyer) - El modelo lucano del uso de los bienes (Massimo Grilli |
| 942 ## - TIPO DE MATERIAL (KOHA) | |
| Tipo de Item KOHA | Libros General |
| Estado de Material | Estado de Perdido | Estado de Dañado | No para Préstamo | Colección | Tomo | Biblioteca de Origen | Biblioteca Permanente | Fecha de Adquisición | Total de Préstamos | Total de Renovaciones | Signatura Topográfica | Código de Barras | Última vez visto | Última vez Préstado | Ejemplar/Existencia | Fecha de Remplazo | Tipo de Material |
|---|---|---|---|---|---|---|---|---|---|---|---|---|---|---|---|---|---|
| Colección General | Biblioteca FUSBC | Biblioteca FUSBC | 04/05/2006 | 15 | 4 | G 226.4 G858r | 16010 | 31/03/2025 | 15/03/2025 | 1 | 26/01/2016 | Libros General |
